| 000 | 00637 a2200181 4500 | ||
|---|---|---|---|
| 003 | Nust | ||
| 005 | 20170207153203.0 | ||
| 040 | _cNust | ||
| 082 | _a005.1 | ||
| 100 | _aTufail, Maj Muhammad (MSCS-2) | ||
| 245 |
_aRationalization of knowledge representation in post operative expert medical system _cMaj Muhammad Tufail |
||
| 260 |
_aRawalpindi _bMCS, NUST _c1999 |
||
| 300 | _avii, 74 p. | ||
| 505 | _aIntroduction (page-1), Background (page-5), Conceptualization (page-28), Implementation of POEMS in CLOS (page-52), Conclusion and future work (page-69). | ||
| 538 | _aAlmirah No 73 Shelf No 1 | ||
| 650 | _aMSCS Thesis | ||
| 651 | _aMSCS-2 | ||
| 942 | _cTHS | ||
| 999 |
_c181082 _d181082 |
||